• 首页
  • 本馆介绍
  • 公告通知
  • 最新文献
  • 馆藏检索
  • 电子资源
  • 读者导购
  • 参考咨询
  • 我的图书馆
  • 登录
  • 详细信息显示
  • 放入我的书架
  • 预约/预借图书
  • 作者相关作品
  • 分类相关作品
  • 丛书相关作品
  • 出版社相关作品

书目信息

  • 表格格式
  • 工作单格式
  • 卡片格式
题名:
我的爱似水年华
    
 
作者: 刘奇琦 , 刘奇琦编配 编配
分册:  
出版信息: 北京   蓝天出版社  2005
页数: 145页
开本: 30cm
丛书名:
单 册:
中图分类: J647.41
科图分类:
主题词: 钢琴--改编曲--中国--选集
电子资源:
ISBN: 7-80158-664-6
000 01246nam0 2200337 450
000 01209nam0 2200325 450
000 01140nam0 2200325 450
000 01086nam0 2200301 450
000 01104nam0 2200289 450
000 01067nam0 2200277 45
001 TS-191026
005 20070122171134.68
010    @a7-80158-664-6@dCNY19.80
100    @a20060829d2005 em y0chiy0110 ea
101 0  @achi
102    @aCN@b110000
105    @ag z 000yy
200 1  @a我的爱似水年华@Awo de ai si shui nian hua@e流行歌曲改编的钢琴曲集@f刘奇琦编配@Fliu qi qi bian pei
210    @a北京@c蓝天出版社@d2005
215    @a145页@d30cm@e光盘1片
307    @a附光盘:ISRC CN-Z32-05-0006-0
330    @a本书内容分为精曲弹唱和流行钢琴两部分,包括《年华似水》、《四分之三的爱》、《日光机场》、《如果云知道》、《爱情电影》、《味道》等。
517 1  @a流行歌曲改编的钢琴曲集@Aliu xing ge qu gai bian de gang qin qu ji
606 0  @a钢琴@x改编曲@y中国@x选集
690    @aJ647.41@v4
701  0 @a刘奇琦@Aliu qi qi@4编配
701  0 @a刘奇琦编配@Aliu qi qi bian pei
801  0 @aCN@b中图数据@c20070122
905    @a10447@dJ647.41@e107
    
    我的爱似水年华:流行歌曲改编的钢琴曲集/刘奇琦编配.-北京:蓝天出版社,2005
    145页;30cm+光盘1片
    
    
    ISBN 7-80158-664-6:CNY19.80
    本书内容分为精曲弹唱和流行钢琴两部分,包括《年华似水》、《四分之三的爱》、《日光机场》、《如果云知道》、《爱情电影》、《味道》等。
●
相关链接 在E读中查询图书 在五车中查询图书 在当当中查询图书 在豆瓣中查询图书


正题名:我的爱似水年华     索取号:J647.41/107         预约/预借

序号 登录号 条形码 馆藏地/架位号 状态 备注
1 0618999   206189998   第一样本阅览室/ [索取号:J647.41/107] 在馆    
2 0619000   206190003   第一借阅区/ [索取号:J647.41/107] 在馆    
3 0619001   206190012   第一借阅区/ [索取号:J647.41/107] 在馆    
4 0619002   206190021   第一借阅区/ [索取号:J647.41/107] 在馆    
5 0619003   206190030   第一借阅区/ [索取号:J647.41/107] 在馆    
唐山师范学院图书馆 欢迎您!
大连网信软件有限公司© 版权所有